| 000 | 01025 a2200145 4500 | ||
|---|---|---|---|
| 003 | Nust | ||
| 005 | 20230529144030.0 | ||
| 040 | _cNust | ||
| 082 | _a004.65,TAT | ||
| 100 |
_aTate , Ashton _9112788 |
||
| 245 |
_aProgramming With dBase III pluus : _bNetworking Runtime Plus / _cTate Ashton |
||
| 505 | _aIntroduction from using the Program(Page 1-1), Programming in a Nstshell (Page 1-1), dBASE Program Structure and Flow (Page 2-1), Using Memory Variables (Page 3-1), Setting Up the Main Program (Page 4-1), Functions for Fields and Memory Variables (Page 5-1), Communications with the User (Page 6-1), Using Templates and Ranges (Page 7-1), Fancier Screen and Format Files (Page 8-1), Evaluating user Input (Page 9-1,) Working with the Database (Page 10-1), Working with Data in the Database (Page 11-1), Printing (Page 12-1), Housekeeping (Page 13-1), Pitting in Together (Page 14-1), Testing and Debugging the Program (Page 15-1), More Advanced Features (Page 16-1). | ||
| 650 |
_aprogramming _996244 |
||
| 942 |
_2ddc _cBKB |
||
| 999 |
_c176471 _d176471 |
||